000 00306nam a2200121Ia 4500
008 231129s9999||||xx |||||||||||||| ||spa||
040 _bspa
082 _a853 G914
100 _aGuareschi Giovanni
245 0 _aVida en familia : novela
264 _aBarcelona EspaƱa : Plaza y Janes
942 _2ddc
_cBKS
999 _c26278
_d26278